أزياء النساء في العصر العثماني / (رقم التسجيلة. 73036)

تفاصيل مارك
000 -LEADER
fixed length control field 00686nam a22002297a 4500
005 - DATE AND TIME OF LATEST TRANSACTION
control field 20251108172213.0
008 - FIXED-LENGTH DATA ELEMENTS--GENERAL INFORMATION
fixed length control field 250721s2000 xx 000 0 ara d
020 ## - INTERNATIONAL STANDARD BOOK NUMBER
International Standard Book Number 9772322013
082 14 - DEWEY DECIMAL CLASSIFICATION NUMBER
Classification number 391.2095608/نصر
100 1# - MAIN ENTRY--PERSONAL NAME
Personal name نصر، ثريا
Relator term مؤلف
245 10 - TITLE STATEMENT
Title أزياء النساء في العصر العثماني /
264 ## - PRODUCTION, PUBLICATION, DISTRIBUTION, MANUFACTURE, AND COPYRIGHT NOTICE
Name of producer, publisher, distributor, manufacturer عالم الكتب،
Date of production, publication, distribution, manufacture, or copyright notice 2000.
300 ## - PHYSICAL DESCRIPTION
Extent 374ص
650 17 - SUBJECT ADDED ENTRY--TOPICAL TERM
Topical term or geographic name as entry element الملابس
650 17 - SUBJECT ADDED ENTRY--TOPICAL TERM
Topical term or geographic name as entry element الأزياء الشعبية
650 17 - SUBJECT ADDED ENTRY--TOPICAL TERM
Topical term or geographic name as entry element الملابس المحبوكة
650 17 - SUBJECT ADDED ENTRY--TOPICAL TERM
Topical term or geographic name as entry element صناعة الملابس
650 17 - SUBJECT ADDED ENTRY--TOPICAL TERM
Topical term or geographic name as entry element تصميم الأزياء
650 17 - SUBJECT ADDED ENTRY--TOPICAL TERM
Topical term or geographic name as entry element العصر العثماني
942 ## - ADDED ENTRY ELEMENTS (KOHA)
Source of classification or shelving scheme Dewey Decimal Classification
Koha item type كتب
المقتنيات
حالة السحب حالة الفقدان مصدر التصنيف حالة التلف غير قابل للإعارة المكتبة الرئيسية المكتبة الحالية موقع الرف تاريخ التزويد الرقم المتسلسل Total Checkouts رقم الإستدعاء الباركود تاريخ آخر ظهور تاريخ الفاتورة نوع المادة (كوها)
    Dewey Decimal Classification     مكتبة أم قصير والمقابلين العامة مكتبة أم قصير والمقابلين العامة الإعارة 15/11/2014 444969   391.2095608/نصر PLD00361828 28/07/2025 15/11/2014 كتب
    Dewey Decimal Classification     مكتبة الجويدة مكتبة الجويدة الإعارة 28/07/2025 444965   391.2095608/نصر 444965 28/07/2025 28/07/2025 كتب
    Dewey Decimal Classification     مكتبة الحسن العامة مكتبة الحسن العامة الإعارة 06/07/2004 444966   391.2095608/نصر 444966 28/07/2025 06/07/2004 كتب
    Dewey Decimal Classification     مكتبة حمزة العامة مكتبة حمزة العامة الإعارة 03/06/2015 444967   391.2095608/نصر PLD00328875 28/07/2025 03/06/2015 كتب
Implemented & Customized by: BBB with SCIT (Smart Chains for Information Technology)

Powered by Koha